Más allá del humor : cuentos /
Guardado en:
| Autor Principal: | |
|---|---|
| Formato: | Libro |
| Publicado: |
Bahía Blanca :
Ediuns,
2013
|
| Materias: | |
| Etiquetas: |
Agregar Etiqueta
Sin Etiquetas, Sea el primero en etiquetar este registro!
|
| LEADER | 00629nam a22002055a 4500 | ||
|---|---|---|---|
| 001 | EHU.bham042800 | ||
| 003 | AR-BHAM | ||
| 005 | 20140827103851.0 | ||
| 008 | 130507s2013##################000#0#####d | ||
| 020 | |a 9789871907427 | ||
| 082 | A | 8 | |a 863.5 |
| 100 | 1 | |a Christensen, Guido | |
| 245 | 1 | 0 | |a Más allá del humor : |b cuentos / |c Guido Christensen |
| 260 | |a Bahía Blanca : |b Ediuns, |c 2013 | ||
| 300 | |a 188 p. | ||
| 653 | |a Literatura argentina-2000- | ||
| 653 | |a Literatura bahiense-2000- | ||
| 653 | |a Cuento argentino-2000- | ||
| 653 | |a Cuento bahiense-2000- | ||
| 859 | |a AR-BHAM |b BIB. HUMANIDADES - General |h A863.5 |i C462 |k A |p 371.14 |t Ej.1 | ||
